Solar terrestrial physics (Record no. 4292)
[ view plain ]
| 000 -LEADER | |
|---|---|
| fixed length control field | 00649nam a2200217Ia 4500 |
| 003 - CONTROL NUMBER IDENTIFIER | |
| control field | IN-BaIIA |
| 008 - FIXED-LENGTH DATA ELEMENTS--GENERAL INFORMATION | |
| fixed length control field | 211028s9999 xx 000 0 eng d |
| 020 ## - INTERNATIONAL STANDARD BOOK NUMBER | |
| International Standard Book Number | 0-851262-7 |
| 040 ## - CATALOGING SOURCE | |
| Transcribing agency | IIA Library |
| 080 ## - UNIVERSAL DECIMAL CLASSIFICATION NUMBER | |
| Universal Decimal Classification number | 523.7.53 |
| Item number | AKA |
| 100 ## - MAIN ENTRY--PERSONAL NAME | |
| Personal name | Akasofu, Syun-Ichi |
| 9 (RLIN) | 7550 |
| 245 #0 - TITLE STATEMENT | |
| Title | Solar terrestrial physics |
| Statement of responsibility, etc. | Syun-lchi Akasofu and Sydney Chapman |
| 260 ## - PUBLICATION, DISTRIBUTION, ETC. | |
| Place of publication, distribution, etc. | Oxford |
| Name of publisher, distributor, etc. | Clarendon Press |
| Date of publication, distribution, etc. | 1972 |
| 300 ## - PHYSICAL DESCRIPTION | |
| Extent | xx, 901p. |
| 490 ## - SERIES STATEMENT | |
| Series statement | International Series of Monographs on Physics |
| 650 ## - SUBJECT ADDED ENTRY--TOPICAL TERM | |
| Topical term or geographic name entry element | Astronomy and Astrophysics Thesaurus |
| 650 ## - SUBJECT ADDED ENTRY--TOPICAL TERM | |
| Topical term or geographic name entry element | Solar Physics |
| 650 ## - SUBJECT ADDED ENTRY--TOPICAL TERM | |
| Topical term or geographic name entry element | Solar Terrestrial Physics |
| 9 (RLIN) | 5220 |
| 700 ## - ADDED ENTRY--PERSONAL NAME | |
| Personal name | Chapman, Sydney |
| 942 ## - ADDED ENTRY ELEMENTS (KOHA) | |
| Koha item type | Books |
| Withdrawn status | Lost status | Damaged status | Not for loan | Home library | Current library | Shelving location | Date acquired | Cost, normal purchase price | Total Checkouts | Full call number | Barcode | Date last seen | Cost, replacement price | Price effective from | Koha item type | Purchase Price |
|---|---|---|---|---|---|---|---|---|---|---|---|---|---|---|---|---|
| IIA Library-Bangalore | IIA Library-Kodaikanal | General Stacks | 10/09/1973 | 450.00 | 523.7.53/ AKA | 4791 | 05/11/2021 | 450.00 | 10/09/1973 | Books | Rs. 450.00 |